000 01484nam a22003137a 4500
999 _c22081
_d22081
003 AR-CdUCM
008 190425b ||||| |||| 00| 0 spa d
040 _aMUNICIPALIDAD PROVINCIAL DEL CUSCO
_cBIBLIOTECA MUNICIPAL DEL CUSCO
082 _aParlante/N°66/1998
110 _aCentro Guamán Poma de Ayala
_920511
245 _aParlante :
_bRevista del Cusco /
260 _aCusco :
_bCentro de Educación y Comunicación Guamán Poma de Ayala,
_c1998.
300 _a40 páginas. :
_bilustraciones ;
_c30 cm.
440 _aParlante revista del Cusco.
_nAño 14, N°66, octubre1998.
_947380
505 _aContenido: Un reto para el futuro un gobierno local con planificación y participación. -- Municipios y agenda 21. -- Que prometen los candidatos. -- Programa de preservación y desarrollo. Manuel Ollanta Aparicio. -- Fiebre de Monumentitis municipal. Mario R. Castillo. -- PIDES San Jerónimo, Saylla, Oropesa y Lucre. -- Noticias de la zona Noroeste. Bernardo Baumann.
650 _aUrbanismo
_94748
650 _aPlanificación urbana
_945230
650 _aDesarrollo urbano
_914520
650 _aPolítica cusqueña
_947381
650 _aMedio Ambiente
_947382
650 _aGobiernos locales
_98462
700 _aNieto Degregori, Luis
_96534
700 _aLópez Giraldo, Juan Diego
_947383
700 _aCastillo, Mario R
_947384
700 _aAparicio, Manuel Ollanta
_947385
710 _aCentro Guamán Poma de Ayala
_920511
942 _2ddc
_cPP
945 _arac